| 000 | 00586nam a2200193 4500 | ||
|---|---|---|---|
| 005 | 20241023112611.0 | ||
| 010 | _aENG-142283 | ||
| 020 |
_c457.00 _a9788194634089 |
||
| 035 | _aEN-125815 | ||
| 037 | _bDBAD | ||
| 082 | _a289.33 | ||
| 100 |
_aOluwaseun Oluwagbohunmi _973191 |
||
| 245 |
_aExposition On Isaiah Chapter 53/ _cOluwagbohunmi Oluwaseun |
||
| 250 | _aFirst | ||
| 260 |
_akolkata _bExceller Books _c2020 |
||
| 270 |
_aG1,Dream Apartment, Degree College Road , Belgharia, _bkolkata _e700056 |
||
| 300 |
_a157p. _c20cm(pb) |
||
| 942 |
_2ddc _cEN _h289.33 _mOLU |
||
| 999 |
_c206594 _d206594 |
||